02878cam a22003495a 45000010009000000050017000090080041000260200030000670200027000970200029001240200026001530400061001790430012002400820020002521000031002722450045003032600043003483000034003915000024004255040031004495050720004805200799012006500010019996510044020096530025020536550024020789420008021029990017021109520134021279520134022619520133023951769546520151109145816.0130412s2012 nyub frb 001 0 eng d a9781403966346 (paperback) a1403966346 (paperback) a9781403966339 (hardback) a1403966338 (hardback) aCaONFJCbengcSTFdOCLCOdMUUdTFWdYDXCPdDLCdEG-ScBUE af------04a320.96222bMAR1 aMartin, Guy,d1945-93870310aAfrican political thought /cGuy Martin. aNew York :bPalgrave Macmillan,c2012. axii, 215 p. :bmaps ;c24 cm. aIndex : p. 213-215. aBibliography : p. 187-211.0 aPart 1: The origins of African political thought, 1377-1960. Indigenous African Political Thought, 1377-1885 ; African Nationalism I, 1847-1914 ; African Nationalism II, 1918-1960. -- Part 2: Ideologies of African independence, 1960-1991. Liberalism and Humanism in Africa, 1960-1991 ; African Socialism in Theory and Practice, 1960-1975 ; African Populism in Theory and Practice, 1968-2003 ; African Marxism in Theory and Practice, 1960-1990 ; African Modernization, Dependency, and Statist Theorists, 1960-2003 ; Pan-Africanism and African Unity. -- Part 3: Contemporary African political thought, 1994-2004. The African Renaissance, 1994-2004 ; Democracy and Development ; Toward a New African Political Thought. a"For most of its history, the African continent has witnessed momentous political change, remarkable philosophical innovation, and the complex cross-fertilization of ideologies and belief systems. This definitive study surveys the concepts, values, and historical upheavals that have shaped African political systems from the ancient period to the postcolonial era and beyond. Beginning with the emergence of indigenous political institutions, it traces the most important developments in African history, including the Africanization of Islam, liberal democratic movements, socialism, Pan-Africanism, and Africanist-Populist resistance to the neoliberal world order. The result is an invaluable resource on a region too often ignored in the history of political thought."--Publisher's website. 2BUEsh 0aAfricaxPolitics and government.2BUEsh bBUSBOLcNovember2015 vReading book934232 2ddc c21019d20991 00102ddc40708BaccahaMAINbMAINc1STd2015-11-09ePurchasel4m53o320.96 MARp000031250r2025-07-15 00:00:00s2020-09-20yBB 00102ddc40708BaccahaMAINbMAINc1STd2015-11-09ePurchasel5m19o320.96 MARp000031249r2025-07-15 00:00:00s2025-01-30yBB 00102ddc40708BaccahaMAINbMAINc1STd2015-11-09ePurchasel4m7o320.96 MARp000031248r2025-07-15 00:00:00s2021-07-27yBB